书目信息 |
| 题名: |
离散数学
|
|
| 作者: | 方世昌 编 | |
| 分册: | ||
| 出版信息: | 西安 西北电讯工程学院出版社 1985 |
|
| 页数: | 303页 | |
| 开本: | 26cm | |
| 丛书名: | ||
| 单 册: | ||
| 中图分类: | O158 | |
| 科图分类: | ||
| 主题词: | 离散数学--高等学校--教材 | |
| 电子资源: | ||
| ISBN: | ||
| 000 | 00657nam0 2200253 45 | |
| 001 | 0185010144 | |
| 005 | 20040518093945.2 | |
| 010 | @dCNY4.00 | |
| 091 | @a15322.21 | |
| 100 | @a19900816d1985 em y0chiy0121 ea | |
| 101 | 0 | @achi |
| 102 | @aCN@b610000 | |
| 105 | @ay z 000yy | |
| 106 | @ar | |
| 200 | 10 | @a离散数学@Ali san shu xue@f方世昌编 |
| 210 | @a西安@c西北电讯工程学院出版社@d1985 | |
| 215 | @a303页@d26cm | |
| 300 | @a高等学校教材 | |
| 606 | @a离散数学@x高等学校@x教材 | |
| 690 | @aO158@v3 | |
| 701 | 0 | @a方世昌@Afang shi chang@4编 |
| 801 | 0 | @aCN@b深圳图书馆@c20040518 |
| 801 | 2 | @aCN@bNLC@c20040518 |
| 905 | @f2@b137160-161@dO158@e11 | |
| 离散数学/方世昌编.-西安:西北电讯工程学院出版社,1985 |
| 303页;26cm |
| 高等学校教材 |
| ISBN :CNY4.00 |
| ● |
| 相关链接 |
|
|
|
|
正题名:离散数学
索取号:O158/11
 
预约/预借
| 序号 | 登录号 | 条形码 | 馆藏地/架位号 | 状态 | 备注 |
| 1 | 0137160 | 000416133 | 第三借阅区/ [索取号:O158/11] | 在馆 | |
| 2 | 0137161 | 000416142 | 第三借阅区/ [索取号:O158/11] | 在馆 | |
| 3 | 0137162 | 202091477 | 第二样本阅览室/ [索取号:O158/11] | 在馆 |